The voice of a master (Record no. 57177)

MARC details
000 -LEADER
fixed length control field 00501nam a2200181Ia 4500
003 - CONTROL NUMBER IDENTIFIER
control field OSt
005 - DATE AND TIME OF LATEST TRANSACTION
control field 20250710111019.0
008 - FIXED-LENGTH DATA ELEMENTS--GENERAL INFORMATION
fixed length control field 211109s9999||||xx |||||||||||||| ||und||
040 ## - CATALOGING SOURCE
Transcribing agency SBCL
082 ## - DEWEY DECIMAL CLASSIFICATION NUMBER
Classification number 415
Item number NID-V
100 ## - MAIN ENTRY--PERSONAL NAME
Personal name Nidhiry, Abraham M
245 #0 - TITLE STATEMENT
Title The voice of a master
260 ## - PUBLICATION, DISTRIBUTION, ETC.
Name of publisher, distributor, etc. Unknown Publisher
Place of publication, distribution, etc. No Place
Date of publication, distribution, etc. 2013
300 ## - PHYSICAL DESCRIPTION
Extent 49p.,21cm
630 ## - SUBJECT ADDED ENTRY--UNIFORM TITLE
General subdivision General Stack
650 ## - SUBJECT ADDED ENTRY--TOPICAL TERM
Topical term or geographic name entry element English fiction
942 ## - ADDED ENTRY ELEMENTS (KOHA)
Koha item type BOOK
650 ## - SUBJECT ADDED ENTRY--TOPICAL TERM
Form subdivision English & Old English literatures
General subdivision Literature & rhetoricGeneralia
Holdings
Withdrawn status Lost status Source of classification or shelving scheme Damaged status Not for loan Home library Current library Date acquired Cost, normal purchase price Total Checkouts Full call number Barcode Shelving location Date last seen Price effective from Koha item type
    Dewey Decimal Classification     SB LIBRARY SB LIBRARY 09/11/2021 45.00   415 NID-V 00040079 GENERAL STACK 09/11/2021 09/11/2021 BOOK

Powered by Koha